Statistics for Largest cities in each U.S State

Click here to take the quiz!

General Stats

  • This quiz has been taken 55 times
  • The average score is 42 of 50

Answer Stats

PopulationStateCity% Correct
692,600MassachusettsBoston
100%
2,693,976IllinoisChicago
100%
727,211ColoradoDenver
100%
876,384IndianaIndianapolis
100%
3,979,576CaliforniaLos Angeles
100%
1,680,992ArizonaPhoenix
100%
654,741OregonPortland
100%
66,215MainePortland
100%
288,000AlaskaAnchorage
97%
506,811GeorgiaAtlanta
97%
345,064HawaiiHonolulu
97%
160,628MississippiJackson
97%
390,144LouisianaNew Orleans
97%
8,336,817New YorkNew York City
97%
753,675WashingtonSeattle
97%
228,959IdahoBoise
95%
2,320,268TexasHouston
95%
651,319NevadaLas Vegas
95%
429,606MinnesotaMinneapolis
95%
1,584,064PennsylvaniaPhiladelphia
95%
911,507FloridaJacksonville
92%
495,327MissouriKansas City
92%
197,312ArkansasLittle Rock
92%
670,820TennesseeNashville
92%
560,513New MexicoAlbuquerque
89%
898,553OhioColumbus
89%
214,237IowaDes Moines
89%
593,490MarylandBaltimore
86%
885,708North CarolinaCharlotte
86%
655,057OklahomaOklahoma City
86%
179,883Rhode IslandProvidence
86%
200,567UtahSalt Lake City
86%
670,031MichiganDetroit
84%
590,157WisconsinMilwaukee
84%
617,638KentuckyLouisville
81%
209,403AlabamaBirmingham
78%
137,566South CarolinaCharleston
78%
46,536West VirginiaCharleston
78%
389,938KansasWichita
78%
64,235WyomingCheyenne
76%
478,192NebraskaOmaha
73%
282,011New JerseyNewark
68%
449,974VirginiaVirginia Beach
65%
183,793South DakotaSioux Falls
62%
109,577MontanaBillings
59%
124,662North DakotaFargo
57%
42,819VermontBurlington
54%
70,166DelawareWilmington
49%
144,399ConnecticutBridgeport
46%
112,673New HampshireManchester
43%

Score Distribution

Percentile by Number Answered

Percent of People with Each Score

Your Score History

You have not taken this quiz